Fr. Conceicao Rodrigues College of Engineering

Introduction to the design of small scale embedded systems (Record no. 25665)

MARC details
000 -LEADER
fixed length control field 00390nam a2200169Ia 4500
082 ## - DEWEY DECIMAL CLASSIFICATION NUMBER
Classification number 003.3/WIL
Item number WIL
100 ## - MAIN ENTRY--PERSONAL NAME
Personal name Wilmshurst/Tim
245 ## - TITLE STATEMENT
Title Introduction to the design of small scale embedded systems
260 ## - PUBLICATION, DISTRIBUTION, ETC.
Name of publisher, distributor, etc. Palgrave
Date of publication, distribution, etc. 2004
366 ## - TRADE AVAILABILITY INFORMATION
Publishers's discount category 20
300 ## - PHYSICAL DESCRIPTION
Extent 409
546 ## - LANGUAGE NOTE
Language note ENGLISH
650 ## - SUBJECT ADDED ENTRY--TOPICAL TERM
Topical term or geographic name entry element Embedded systems
654 ## - SUBJECT ADDED ENTRY--FACETED TOPICAL TERMS
Focus term embedded systems
942 ## - ADDED ENTRY ELEMENTS (KOHA)
Koha item type BOOK
Holdings
Withdrawn status Lost status Damaged status Not for loan Collection Home library Current library Date acquired Source of acquisition Cost, normal purchase price Inventory number Total Checkouts Full call number Barcode Date last seen Cost, replacement price Price effective from Koha item type
        CRC Fr. Agnel's C.Rodrigues College of Engineering Fr. Agnel's C.Rodrigues College of Engineering 17/03/2023 Ane Books India 476.00 354   003.3/WIL WIL 18665 17/03/2023 595.00   BOOK